[Event "RUS-ch"]
[Site "Krasnodar"]
[Date "2002.08.30"]
[Round "4"]
[White "Riazantsev, Alexander"]
[Black "Kornev, Alexei"]
[Result "0-1"]
[WhiteElo "2537"]
[BlackElo "2567"]
[PlyCount "118"]
[EventDate "2002.08.27"]
[EventType "swiss"]
[EventRounds "9"]
[EventCountry "RUS"]
[SourceTitle "CBM 091"]
[Source "ChessBase"]
[SourceDate "2002.11.12"]
[SourceVersion "1"]
[SourceVersionDate "2002.11.12"]
[SourceQuality "1"]

1. d4 d5 2. c4 c6 3. Nc3 Nf6 4. e3 Bg4 5. f3 Bf5 6. g4 Bc8 7. g5 Nfd7 8. f4 e6
9. Nf3 Be7 10. Bg2 dxc4 11. O-O O-O 12. Qe2 b5 13. Ne5 Qb6 14. Qh5 f5 15. gxf6
Nxf6 16. Qh3 a6 17. Kh1 Ra7 18. a4 Bb4 19. e4 Re7 20. Rd1 Nfd7 21. Be3 Nxe5 22.
fxe5 c5 23. d5 Ref7 24. Qg3 Nd7 25. axb5 axb5 26. Ne2 Re8 27. Bf4 Nf8 28. Bf3
Ng6 29. Bh5 exd5 30. exd5 Bb7 31. Kg1 Rd7 32. Bf3 Nxf4 33. Qxf4 Rf8 34. Qe3 Re7
35. Bg2 Qg6 36. Ng3 Qc2 37. e6 Qxb2 38. Rab1 Qc2 39. Rbc1 Qg6 40. Bh3 Rf6 41.
d6 Rexe6 42. Bxe6+ Rxe6 43. Qf4 Rf6 44. Qe5 Rf8 45. d7 Qc6 46. Qe4 Qxe4 47.
Nxe4 Bxe4 48. d8=Q Rxd8 49. Rxd8+ Kf7 50. Rb8 Bd2 51. Rf1+ Ke7 52. Rff8 Bc6 53.
Rfc8 Bd7 54. Rb7 c3 55. Rcc7 c2 56. Rxd7+ Ke6 57. Re7+ Kd5 58. Rbd7+ Kc4 59.
Re4+ Kc3 0-1

[Event "Kaluga Tsiolkovsky Memorial op"]
[Site "Kaluga"]
[Date "2003.??.??"]
[Round "5"]
[White "Kornev, Alexei"]
[Black "Gleizerov, Evgeny"]
[Result "1-0"]
[WhiteElo "2558"]
[BlackElo "2579"]
[PlyCount "123"]
[EventDate "2003.??.??"]
[EventType "swiss"]
[EventRounds "9"]
[EventCountry "RUS"]
[SourceTitle "EXT 2005"]
[Source "ChessBase"]
[SourceDate "2004.11.15"]
[SourceVersion "1"]
[SourceVersionDate "2004.11.15"]
[SourceQuality "1"]

1. e4 e6 2. d4 d5 3. Nd2 Nf6 4. Bd3 c5 5. c3 Nc6 6. Ngf3 cxd4 7. cxd4 dxe4 8.
Nxe4 Bb4+ 9. Nc3 O-O 10. O-O Be7 11. a3 b6 12. Re1 Bb7 13. Bc2 Na5 14. Bg5 h6
15. Bf4 Nc4 16. Ne5 Nd6 17. Qd3 Nf5 18. Rad1 Nd5 19. Nxd5 Qxd5 20. Qh3 Nxd4 21.
Bxh6 Rfd8 22. Rxd4 Qxd4 23. Bg5 Bxg5 24. Qh7+ Kf8 25. Qh8+ Ke7 26. Qxg7 Qxe5
27. Qxe5 Bf6 28. Qf4 Rd4 29. Qc7+ Rd7 30. Qc4 Rd4 31. Qb3 Rc8 32. a4 Rc5 33.
Bd3 Bd5 34. Qa3 a5 35. Bb5 Rd2 36. Qg3 Rcc2 37. Qa3+ Rc5 38. h3 Rxb2 39. Qg3
Rcc2 40. Qa3+ Rb4 41. Qd3 Rc5 42. Qg3 Rc8 43. Rd1 Rd4 44. Rxd4 Bxd4 45. Qh4+
Bf6 46. Qf4 e5 47. Qe3 e4 48. Qf4 Rc2 49. Qb8 Rd2 50. Qe8+ Kd6 51. Qd7+ Ke5 52.
g4 Bh4 53. Qc7+ Kd4 54. Qxb6+ Kc3 55. Qc5+ Kb2 56. Be2 Bg5 57. Qxa5 e3 58. Qb4+
Kc2 59. Qc5+ Kb3 60. fxe3 Kxa4 61. Qb5+ Ka3 62. Qa5+ 1-0

[Event "Kaluga Tsiolkovsky Memorial op"]
[Site "Kaluga"]
[Date "2003.??.??"]
[Round "6"]
[White "Shaposhnikov, Evgeny"]
[Black "Kornev, Alexei"]
[Result "0-1"]
[WhiteElo "2543"]
[BlackElo "2558"]
[PlyCount "102"]
[EventDate "2003.??.??"]
[EventType "swiss"]
[EventRounds "9"]
[EventCountry "RUS"]
[SourceTitle "EXT 2005"]
[Source "ChessBase"]
[SourceDate "2004.11.15"]
[SourceVersion "1"]
[SourceVersionDate "2004.11.15"]
[SourceQuality "1"]

1. e4 c6 2. d4 d5 3. e5 c5 4. dxc5 e6 5. a3 Bxc5 6. Qg4 Kf8 7. Bd3 f5 8. Qg3
Nc6 9. Nf3 Nge7 10. O-O h6 11. b4 Bb6 12. c4 dxc4 13. Bxc4 g5 14. Nc3 Ng6 15.
Rd1 Qe7 16. Bb2 g4 17. Nb5 h5 18. Nfd4 h4 19. Qb3 g3 20. h3 gxf2+ 21. Kh1 Qg5
22. Rf1 a6 23. Rxf2 axb5 24. Bxe6 f4 25. Bxc8 Nxd4 26. Qd5 Rxc8 27. Qd6+ Qe7
28. Qxg6 Ne6 29. Rxf4+ Nxf4 30. Qf5+ Ke8 31. Qxc8+ Bd8 32. Rd1 Ne6 33. Qc2 Rg8
34. Qe2 Rg7 35. Bc1 Nc7 36. Qe4 Qe6 37. Qxb7 Qc4 38. Bh6 Rd7 39. Rc1 Qd5 40.
Qb6 Qe6 41. Qe3 Nd5 42. Qd2 Ne7 43. Qg5 Nf5 44. Qh5+ Qf7 45. Qxf7+ Kxf7 46. Bf4
Rd4 47. Rf1 Ke6 48. Kh2 Bc7 49. g3 hxg3+ 50. Bxg3 Rd2+ 51. Rf2 Nxg3 0-1

[Event "Kaluga Tsiolkovsky Memorial op"]
[Site "Kaluga"]
[Date "2003.??.??"]
[Round "7"]
[White "Kornev, Alexei"]
[Black "Rychagov, Andrey"]
[Result "1-0"]
[WhiteElo "2558"]
[BlackElo "2551"]
[PlyCount "139"]
[EventDate "2003.??.??"]
[EventType "swiss"]
[EventRounds "9"]
[EventCountry "RUS"]
[SourceTitle "EXT 2005"]
[Source "ChessBase"]
[SourceDate "2004.11.15"]
[SourceVersion "1"]
[SourceVersionDate "2004.11.15"]
[SourceQuality "1"]

1. e4 e6 2. d4 d5 3. Nd2 c5 4. Ngf3 Nc6 5. c3 cxd4 6. cxd4 Nf6 7. Bd3 Be7 8.
O-O O-O 9. e5 Nd7 10. Re1 f6 11. exf6 Bxf6 12. Rxe6 Nb6 13. Re1 Nxd4 14. Nxd4
Bxd4 15. Nf3 Bf6 16. Qc2 h6 17. Bf4 Bg4 18. Ne5 Bxe5 19. Bxe5 Qd7 20. b3 Rae8
21. Bh7+ Kh8 22. Bg6 Re6 23. f3 Rc6 24. Qd3 Bf5 25. Bxf5 Qxf5 26. Qxf5 Rxf5 27.
Bd4 Rf7 28. Re2 Rfc7 29. Rae1 Kg8 30. Re7 Nc8 31. R7e5 Rd7 32. h4 Rc2 33. h5 a6
34. a4 Rcc7 35. Kf1 Ne7 36. Bb6 Rc6 37. Bf2 Kf7 38. Bd4 Rc2 39. g4 Ng8 40. R5e2
Rxe2 41. Kxe2 Ne7 42. Kd3 Nc6 43. Bc3 Nd8 44. Re5 Nc6 45. Re1 Nd8 46. Bd2 Ne6
47. Rc1 Nd8 48. f4 Nc6 49. b4 Ne7 50. Rc5 Ke6 51. Rc1 Kf7 52. b5 axb5 53. axb5
Ng8 54. Bc3 Nf6 55. Bxf6 Kxf6 56. Kd4 Re7 57. Kxd5 Rd7+ 58. Ke4 Re7+ 59. Kf3
Rf7 60. Rc5 g6 61. hxg6 Kxg6 62. Ke4 Re7+ 63. Re5 Rc7 64. Re6+ Kg7 65. Rb6 Re7+
66. Kf3 Rc7 67. Kg3 Rf7 68. Re6 Rc7 69. Kh4 Rd7 70. Rb6 1-0

[Event "RUS-ch 56th"]
[Site "Krasnoyarsk"]
[Date "2003.09.09"]
[Round "6"]
[White "Bezgodov, Alexei"]
[Black "Kornev, Alexei"]
[Result "0-1"]
[WhiteElo "2542"]
[BlackElo "2566"]
[Annotator "Finkel,A"]
[PlyCount "110"]
[EventDate "2003.09.03"]
[EventType "swiss"]
[EventRounds "9"]
[EventCountry "RUS"]
[SourceTitle "CBM 098"]
[Source "ChessBase"]
[SourceDate "2004.02.03"]
[SourceVersion "1"]
[SourceVersionDate "2004.02.03"]
[SourceQuality "1"]

1. e4 e6 2. d4 d5 3. Nc3 Bb4 4. Bd2 $6 dxe4 5. Qg4 Nf6 6. Qxg7 Rg8 7. Qh6 Qxd4
8. O-O-O Bf8 9. Qh3 {This line is considered for ages as very good one for
black. I wonder if white was unaware that it's necessary to bring black rook
to g4 before retreating to h3 or it was some kind of an opening preparation!?
Anyway black proved once again that his chanes in this rare variation are at
least equal (if white is cautious enough).} (9. Qh4 Rg4 10. Qh3 Qxf2 11. Be2 (
11. Nb5 Na6 12. Kb1 Bd7 13. Be3 Qf5 14. Nd4 Qg6 15. Nb3 Nb4 $17 {Boleslavsky,
I-Bronstein,D/Moscow 1950}) 11... Rh4 (11... Rg6 $6 12. Rf1 Qc5 13. Rxf6 Rxf6
14. Nxe4 Qf5 15. Nxf6+ Qxf6 16. Qxh7 e5 17. Nf3 $14 {Mueller,K-Grottke,H/
Frankfurt/Oder 1977}) 12. Qxh4 Qxh4 13. g3 e3 (13... Qh6 14. Bxh6 Bxh6+ 15. Kb1
Bd7 16. Nh3 Be3 $15 {Rasmussen,P-Czibulka,Z/EU-chT4 corr8896 1988}) 14. gxh4
exd2+ 15. Kxd2 Bh6+ 16. Ke1 Bd7 $13 {Hort,V-Nogueiras,J/Reggio Emilia 1986})
9... Qxf2 10. Nge2 (10. Bb5+ c6 11. Be2 Rg6 12. g4 Qc5 13. Be3 Qe5 14. Bd4 Qf4+
15. Be3 Qe5 16. Bd4 Qf4+ 17. Be3 Qe5 {1/2-1/2 Mossong,H-Chin,F/Dubai 1986})
10... Bd7 11. g4 (11. Ng3 e5 {[%csl Rh3]} 12. Ncxe4 Nxe4 13. Nxe4 Bxh3 14. Nxf2
Be6 15. Ne4 Be7 $17) 11... Rxg4 (11... e5 $5) 12. Ng3 e3 13. Be1 Qf4 14. Bg2
Qh6 $1 {Forcing the trade of the queens after which white's chances to develop
the initiative decrease move by move...} (14... Rh4 15. Nge2 Rxh3 16. Nxf4 Rh6
17. Bxb7 Bc6 18. Bxa8 Bxa8 19. Rf1 Be7 $15) 15. Qxh6 Bxh6 16. Bxb7 Bc6 17. Bxa8
Bxa8 {[%cal Ga8h1,Gh6c1]} 18. Rg1 e2+ 19. Rd2 Be3 $19 {Black emerged out of
opening complications with a pawn up, so the rest is just a matter of
technique.} 20. Ncxe2 Nbd7 21. Rf1 Bg2 (21... h5 $5) 22. Rf2 Bd5 23. Nc3 c6 24.
Rfe2 Bxd2+ 25. Kxd2 h5 26. b3 Kf8 27. Nf1 Rg1 28. Ne3 Bf3 29. Rf2 Ne5 30. Rf1
Rxf1 31. Nxf1 Bg2 32. Ne3 Ne4+ {It's interesting that the simplest winning
plan in this position is by transposing to opposite color bishops ending!} 33.
Nxe4 (33. Kc1 Bf3 34. Na4 f5) 33... Bxe4 34. Bg3 Nf3+ 35. Ke2 e5 36. Nc4 f6 37.
Ke3 Bd5 38. Nd6 Nd4 39. c4 Be6 40. Bf2 Nf5+ {Here it comes. Black pawns in the
center are unstoppable.} 41. Nxf5 Bxf5 42. b4 a6 43. a4 Bd7 44. Ke4 Kf7 45. b5
cxb5 46. cxb5 axb5 47. axb5 Ke6 $5 (47... Bxb5 48. Kd5 Bf1 49. Bh4 Bg2+ 50. Kd6
Kg6 $19) 48. b6 Bc6+ 49. Ke3 f5 50. Kd3 Kd5 51. Bh4 f4 52. Bd8 e4+ 53. Kc3 e3
54. Kd3 Bb5+ 55. Kc3 Ba6 0-1

[Event "Vladimir op"]
[Site "Vladimir"]
[Date "2004.08.24"]
[Round "7"]
[White "Kornev, Alexei"]
[Black "Vorobiov, Evgeny E"]
[Result "1-0"]
[WhiteElo "2574"]
[BlackElo "2534"]
[PlyCount "65"]
[EventDate "2004.08.18"]
[EventType "swiss"]
[EventRounds "9"]
[EventCountry "RUS"]
[SourceTitle "EXT 2005"]
[Source "ChessBase"]
[SourceDate "2004.11.15"]
[SourceVersion "1"]
[SourceVersionDate "2004.11.15"]
[SourceQuality "1"]

1. c4 c5 2. Nf3 Nf6 3. Nc3 d5 4. cxd5 Nxd5 5. e4 Nb4 6. Bc4 Nd3+ 7. Ke2 Nf4+ 8.
Kf1 Ne6 9. b4 g6 10. bxc5 Bg7 11. Bxe6 Bxe6 12. d4 O-O 13. h3 b6 14. Bb2 Bc4+
15. Kg1 bxc5 16. d5 e6 17. Qd2 exd5 18. exd5 Qa5 19. Re1 Nd7 20. Kh2 Nb6 21.
Ba1 Rad8 22. d6 Nc8 23. Ne4 Qxd2 24. Nfxd2 Bxa2 25. Nf6+ Kh8 26. Nde4 Be6 27.
Rd1 c4 28. d7 Nb6 29. Nc5 Bf5 30. Rd6 Bxf6 31. Bxf6+ Kg8 32. Rhd1 h5 33. Kg1
1-0

[Event "Moscow Aeroflot op-A"]
[Site "Moscow"]
[Date "2005.02.19"]
[Round "5"]
[White "Kornev, Alexei"]
[Black "Jakovenko, Dmitrij"]
[Result "1-0"]
[WhiteElo "2574"]
[BlackElo "2596"]
[PlyCount "59"]
[EventDate "2005.02.15"]
[EventType "swiss"]
[EventRounds "9"]
[EventCountry "RUS"]
[SourceTitle "CBM 106"]
[Source "ChessBase"]
[SourceDate "2005.06.06"]
[SourceVersion "1"]
[SourceVersionDate "2005.06.06"]
[SourceQuality "1"]

1. d4 d5 2. Nf3 Nf6 3. c4 c6 4. Nc3 a6 5. e3 b5 6. b3 Bg4 7. h3 Bxf3 8. Qxf3 e5
9. dxe5 Bb4 10. Bd2 Bxc3 11. Bxc3 Ne4 12. Bb4 bxc4 13. Bxc4 Ng5 14. Qe2 dxc4
15. Rd1 Nd7 16. Qxc4 c5 17. Bc3 Ne6 18. O-O O-O 19. f4 Re8 20. f5 Nef8 21. Qg4
Qe7 22. f6 Nxf6 23. Qxg7+ Kxg7 24. exf6+ Kg8 25. fxe7 Rxe7 26. Rf3 Ng6 27. Rd5
Rc8 28. Kf2 Rec7 29. Rf6 Ra7 30. Rfd6 1-0

[Event "Moscow Aeroflot op-A"]
[Site "Moscow"]
[Date "2005.02.21"]
[Round "7"]
[White "Kornev, Alexei"]
[Black "Vasquez Schroder, Rodrigo Rafael"]
[Result "1-0"]
[WhiteElo "2574"]
[BlackElo "2561"]
[PlyCount "75"]
[EventDate "2005.02.15"]
[EventType "swiss"]
[EventRounds "9"]
[EventCountry "RUS"]
[SourceTitle "CBM 106"]
[Source "ChessBase"]
[SourceDate "2005.06.06"]
[SourceVersion "1"]
[SourceVersionDate "2005.06.06"]
[SourceQuality "1"]

1. d4 d5 2. Nf3 Nf6 3. c4 c6 4. Nc3 e6 5. Qb3 dxc4 6. Qxc4 b5 7. Qd3 b4 8. Ne4
Nxe4 9. Qxe4 Bb7 10. g3 Qb6 11. Bg2 c5 12. Qd3 cxd4 13. O-O Bc5 14. Bf4 Nc6 15.
Rac1 Rd8 16. Bc7 Qxc7 17. Rxc5 Qb6 18. Rfc1 a6 19. Qc2 Nb8 20. Qa4+ Ke7 21. Ne5
Rc8 22. Rxc8 Rxc8 23. Rxc8 Bxc8 24. Qc2 Nd7 25. Nc6+ Kd6 26. Qd2 Bb7 27. Nxd4
Bxg2 28. Kxg2 Kc7 29. Nf3 Qb5 30. Qc2+ Kd6 31. Qxh7 Qxe2 32. Qxg7 f6 33. h4
Qxb2 34. h5 Qxa2 35. h6 b3 36. h7 b2 37. h8=Q b1=Q 38. Qd8 1-0

[Event "EU-ch 6th"]
[Site "Warsaw"]
[Date "2005.06.28"]
[Round "10"]
[White "Kornev, Alexei"]
[Black "Fressinet, Laurent"]
[Result "1-0"]
[WhiteElo "2565"]
[BlackElo "2638"]
[PlyCount "77"]
[EventDate "2005.06.18"]
[EventType "swiss"]
[EventRounds "13"]
[EventCountry "POL"]
[SourceTitle "CBM 108"]
[Source "ChessBase"]
[SourceDate "2005.09.26"]
[SourceVersion "1"]
[SourceVersionDate "2005.09.26"]
[SourceQuality "1"]

1. e4 e5 2. Nf3 Nc6 3. Nc3 Nf6 4. Bb5 Nd4 5. Ba4 Bc5 6. Nxe5 O-O 7. Nd3 Bb6 8.
e5 Ne8 9. Nd5 d6 10. Ne3 c5 11. c3 Nf5 12. Bb3 dxe5 13. Nxe5 Nxe3 14. fxe3 Qg5
15. d4 Qxg2 16. Rf1 Nd6 17. Qf3 Qxf3 18. Rxf3 Be6 19. Bxe6 fxe6 20. Ke2 Rxf3
21. Nxf3 Rf8 22. a4 Ne4 23. a5 Bc7 24. a6 b5 25. dxc5 Nxc5 26. Nd4 Bxh2 27. b4
Ne4 28. Nxb5 Bb8 29. Nd4 Nxc3+ 30. Kd3 Nd5 31. Nc6 Bd6 32. b5 Nb4+ 33. Nxb4
Bxb4 34. b6 axb6 35. Kc4 Ba5 36. Kb5 Ra8 37. Bb2 g5 38. Rc1 Bd2 39. Rc7 1-0

[Event "RUS-ch Higher League 61st"]
[Site "Novokuznetsk"]
[Date "2008.09.07"]
[Round "5"]
[White "Kornev, Alexei"]
[Black "Chuprov, Dmitry"]
[Result "1-0"]
[WhiteElo "2523"]
[BlackElo "2577"]
[PlyCount "65"]
[EventDate "2008.09.03"]
[EventType "swiss"]
[EventRounds "11"]
[EventCountry "RUS"]
[SourceTitle "CBM 126"]
[Source "ChessBase"]
[SourceDate "2008.10.01"]
[SourceVersion "1"]
[SourceVersionDate "2008.10.01"]
[SourceQuality "1"]

1. e4 e5 2. Bc4 Nf6 3. d3 Nc6 4. Nc3 Bb4 5. Bg5 h6 6. Bh4 d6 7. Nge2 Be6 8. Bb3
Nd4 9. O-O Nxb3 10. axb3 g5 11. Bg3 Nh5 12. d4 Nf4 13. Nd5 Bxd5 14. exd5 c6 15.
dxe5 dxe5 16. Nxf4 exf4 17. Bxf4 Qxd5 18. Qxd5 cxd5 19. Be3 a6 20. Rfd1 O-O-O
21. c3 Be7 22. Ra5 Kc7 23. Raxd5 Kc6 24. Rxd8 Bxd8 25. Kf1 Re8 26. g4 Bc7 27.
h3 f5 28. Bd4 fxg4 29. hxg4 Re6 30. Re1 Rg6 31. Re8 h5 32. gxh5 Rh6 33. Rh8 1-0

[Event "RUS Cup final"]
[Site "Serpukhov"]
[Date "2008.11.05"]
[Round "1.1"]
[White "Kornev, Alexei"]
[Black "Belov, Vladimir"]
[Result "1-0"]
[WhiteElo "2525"]
[BlackElo "2579"]
[PlyCount "83"]
[EventDate "2008.11.05"]
[EventType "k.o."]
[EventRounds "6"]
[EventCountry "RUS"]
[SourceTitle "EXT 2009"]
[Source "ChessBase"]
[SourceDate "2008.11.26"]
[SourceVersion "1"]
[SourceVersionDate "2008.11.26"]
[SourceQuality "1"]

1. c4 Nf6 2. Nc3 c5 3. Nf3 e6 4. d4 cxd4 5. Nxd4 Nc6 6. a3 Be7 7. g3 Qb6 8. Nc2
Ne5 9. Ne3 d6 10. Bg2 Bd7 11. f4 Neg4 12. Qd3 Bc6 13. Bf3 O-O 14. O-O Rfc8 15.
Ncd1 Bxf3 16. exf3 Nxe3 17. Bxe3 Qa6 18. b3 d5 19. Nb2 Rd8 20. c5 d4 21. Qxa6
bxa6 22. Bf2 Bxc5 23. Rfd1 Rab8 24. Rd3 Bb6 25. Na4 Nd5 26. Nxb6 axb6 27. Rxd4
Rbc8 28. f5 Rc3 29. f4 Rxb3 30. Re1 Rd6 31. fxe6 fxe6 32. f5 Kf7 33. fxe6+ Ke7
34. g4 Nf6 35. g5 Ne8 36. Rde4 Rd5 37. Bh4 g6 38. Bg3 Rbd3 39. Rh4 Rxg5 40.
Rxh7+ Kd8 41. Ra7 Rgd5 42. e7+ 1-0

[Event "RUS-ch Higher League 64th"]
[Site "Taganrog"]
[Date "2011.06.26"]
[Round "11"]
[White "Landa, Konstantin"]
[Black "Kornev, Alexei"]
[Result "0-1"]
[WhiteElo "2613"]
[BlackElo "2511"]
[PlyCount "192"]
[EventDate "2011.06.15"]
[EventType "swiss"]
[EventRounds "11"]
[EventCountry "RUS"]
[SourceTitle "CBM 143"]
[Source "ChessBase"]
[SourceDate "2011.07.15"]
[SourceVersion "1"]
[SourceVersionDate "2011.07.15"]
[SourceQuality "1"]

1. d4 Nf6 2. c4 e6 3. g3 c5 4. Nf3 cxd4 5. Nxd4 d5 6. Bg2 e5 7. Nf3 d4 8. e3
Bb4+ 9. Bd2 Bxd2+ 10. Qxd2 Nc6 11. exd4 exd4 12. O-O O-O 13. Re1 Qb6 14. Na3
Bf5 15. Qg5 Qxb2 16. Qxf5 Qxa3 17. Ne5 Nxe5 18. Qxe5 d3 19. Red1 Rad8 20. Bxb7
d2 21. Kg2 Rfe8 22. Qf4 Qc3 23. Bc6 Re6 24. Bd5 Nxd5 25. cxd5 Re1 26. Rab1 h6
27. Rb3 Qxb3 28. axb3 Rxd1 29. Qd4 Rb1 30. Qxd2 Rxb3 31. Qa5 Rd7 32. Qc5 Rb8
33. d6 Rbd8 34. Qa5 g6 35. g4 Rxd6 36. Qxa7 Rd4 37. Kg3 Rd3+ 38. Kg2 R8d4 39.
h3 Rd6 40. Qb8+ Kh7 41. Qb5 Rd2 42. Qb4 Rd7 43. Qf4 R2d6 44. Qf3 Re6 45. h4 Re5
46. Qf6 Red5 47. Qc6 R7d6 48. Qb7 Kg7 49. Qb2+ Rd4 50. f3 Kh7 51. Kg3 Rd3 52.
Qe2 R3d5 53. Qc4 h5 54. gxh5 gxh5 55. Qe4+ Kg7 56. f4 Rb5 57. Qc4 Rf5 58. Kh3
Rdf6 59. Qe2 Kh6 60. Qg2 Rxf4 61. Qg5+ Kh7 62. Qxh5+ Rh6 63. Qe5 Rfxh4+ 64. Kg3
Rh1 65. Qd5 Rf1 66. Qe4+ Rg6+ 67. Kh2 Rf2+ 68. Kh1 Rff6 69. Kh2 Re6 70. Qb7 Rg7
71. Qb1+ Reg6 72. Qf5 Kh8 73. Qc8+ Rg8 74. Qh3+ Kg7 75. Qc3+ f6 76. Qc7+ Kh8
77. Qf4 R8g7 78. Qb8+ Kh7 79. Qb1 Re7 80. Kh3 Kg7 81. Qd3 Rg5 82. Qd6 Rf7 83.
Qd8 Kh7 84. Kh4 Kg7 85. Kh3 Rg1 86. Kh4 Rg2 87. Kh3 Rg5 88. Kh4 Rb7 89. Kh3 Ra7
90. Kh2 Rg6 91. Kh3 Kh7 92. Kh2 Rag7 93. Qd3 Kh8 94. Qd8+ Rg8 95. Qd2 Rg5 96.
Qe2 R5g7 0-1

[Event "Moscow op-A"]
[Site "Moscow"]
[Date "2012.01.29"]
[Round "4"]
[White "Volkov, Sergey"]
[Black "Kornev, Alexei"]
[Result "0-1"]
[WhiteElo "2633"]
[BlackElo "2530"]
[PlyCount "86"]
[EventDate "2012.01.28"]
[EventType "swiss"]
[EventRounds "9"]
[EventCountry "RUS"]
[SourceTitle "CBM 146 Extra"]
[Source "ChessBase"]
[SourceDate "2012.02.29"]
[SourceVersion "1"]
[SourceVersionDate "2012.02.29"]
[SourceQuality "1"]

1. d4 d5 2. c4 e6 3. Nc3 Be7 4. cxd5 exd5 5. Bf4 Nf6 6. e3 Bf5 7. Nge2 O-O 8.
Ng3 Be6 9. Bd3 c5 10. dxc5 Bxc5 11. O-O Nc6 12. Rc1 Bb6 13. Na4 h6 14. Ne2 Ne4
15. h3 Re8 16. a3 Rc8 17. b4 Qf6 18. Nxb6 axb6 19. f3 Ng5 20. Bb1 Nh7 21. Qd3
Nf8 22. Bg3 Ra8 23. Rc3 g6 24. Qd2 Nd7 25. f4 Rad8 26. f5 Bxf5 27. Bxf5 gxf5
28. Bc7 Rc8 29. Bf4 Ne7 30. Rfc1 Rc6 31. Nd4 Rxc3 32. Rxc3 Nc6 33. Nb5 Nde5 34.
Qxd5 Rd8 35. Bxe5 Nxe5 36. Qxb7 Rd1+ 37. Kh2 Ng4+ 38. Kg3 Qe5+ 39. Kh4 Nxe3 40.
Rxe3 Qf4+ 41. g4 Qg5+ 42. Kg3 Qxe3+ 43. Kh4 Qg5+ 0-1